Walt Disney - Statistiques

Statistiques générales
  • Ce quiz a été pris 424 fois
    182 depuis la dernière actualisation
  • Le résultat moyen est 60 sur 135
Statistiques - réponses
Numéro Année Titre % Correct
1 1938 Blanche-Neige et les 7 nains
96%
14 1950 Cendrillon
94%
48 1998 Mulan
88%
36 1992 La Belle et la Bête
87%
109 2013 La Reine des Neiges
87%
124 2019 La Reine des Neiges 2
87%
37 1993 Aladdin
83%
18 1959 La Belle au bois Dormant
80%
41 1995 Pocahontas, une légende indienne
80%
101 2010 Raiponce
80%
33 1990 La Petite Sirène
79%
38 1994 Le Roi Lion
79%
94 2008 Wall-E
79%
17 1955 La Belle et le Clochard
78%
2 1946 Pinocchio
78%
4 1947 Dumbo
77%
19 1961 Les 101 Dalmatiens
76%
16 1953 Peter Pan
76%
42 1996 Toy Story
76%
118 2016 Vaiana - La Légende du Bout du Monde
76%
5 1947 Bambi
72%
45 1997 Hercule
70%
98 2010 La Princesse et la Grenouille
69%
23 1971 Les Aristochats
69%
3 1946 Fantasia
66%
86 2006 Cars - Quatre Roues
64%
22 1968 Le Livre de la Jungle
62%
72 2003 Le Monde de Nemo
61%
104 2012 Rebelle
61%
29 1981 Rox et Rouky
61%
53 2000 Toy Story 2
61%
100 2010 Toy Story 3
60%
15 1951 Alice au pays des Merveilles
59%
26 1977 Les aventures de Bernard et Bianca
59%
52 1999 Tarzan
58%
123 2019 Toy Story 4
58%
114 2015 Vice-Versa
58%
120 2017 Coco
57%
43 1996 Le Bossu de Notre-Dame
57%
97 2009 Là-Haut
56%
49 1999 Le Roi Lion 2 - L'Honneur de la Tribu
56%
90 2007 Ratatouille
55%
103 2011 Cars 2
54%
20 1964 Merlin l'enchanteur
54%
77 2004 Mulan 2 - La Mission de l'Empereur
54%
102 2011 Winnie l'Ourson
53%
119 2017 Cars 3
52%
63 2002 Cendrillon 2 - Une Vie de Princesse
52%
129 2021 Encanto - La Fantastique Famille Madrigal
52%
117 2016 Le Monde de Dory
52%
78 2004 Les Indestructibles
52%
121 2018 Les Indestructibles 2
52%
60 2001 Kuzco - L'Empereur Mégalo
50%
25 1974 Robin des Bois
50%
106 2012 Les Mondes de Ralph
49%
135 2024 Vice versa 2
48%
116 2016 Zootopie
48%
56 2000 La Petite Sirène 2 - Retour à l'Océan
47%
71 2004 Le Roi Lion 3 - Hakuna Matata
47%
21 1965 Mary Poppins
46%
51 1998 1001 Pattes
45%
128 2021 Luca
45%
127 2021 Raya et le dernier Dragon
44%
32 1989 Oliver et Compagnie
43%
73 2003 Frère des Ours
42%
39 1995 Le retour de Jafar
41%
126 2020 Soul
41%
66 2002 Peter Pan 2 - Retour au Pays Imaginaire
40%
30 1985 Taram et le chaudron magique
40%
35 1991 Bernard et Bianca au pays des Kangourous
39%
95 2009 Volt - Star Malgré lui
39%
61 2001 Atlantide - L'Empire Perdu
38%
80 2005 Tarzan 2
38%
47 1998 La Belle et la Bête 2 - Le Noël Enchanté
37%
50 1999 Pocahontas 2 - Un monde nouveau
37%
59 2001 La Belle et le Clochard 2 - L'Appel de la Rue
36%
69 2003 Le Livre de la Jungle 2
36%
84 2006 Bambi 2
35%
54 2000 Fantasia 2000
35%
67 2002 Les 101 Dalmatiens 2 - Sur la Trace des Héros
35%
130 2022 Alerte Rouge
34%
31 1986 Basil, détective privé
34%
44 1996 Aladdin et le roi des voleurs
33%
83 2005 Kuzco 2 - King Kronk
33%
76 2004 La Ferme se Rebelle
33%
68 2002 La Planète au Trésor - Un Nouvel Univers
33%
89 2007 Rox et Rouky 2
33%
131 2022 Buzz L'Éclair
32%
110 2014 Clochette et la Fée Pirate
32%
112 2015 Les Nouveaux Héros
32%
133 2023 Élémentaire
31%
93 2008 La Fée Clochette
31%
62 2002 Le Bossu de Notre-Dame 2 - Le Secret de Quasimodo
31%
134 2023 Wish - Asha et la bonne étoile
31%
108 2013 Planes
30%
7 1948 Les trois caballeros
28%
27 1978 Peter et Elliott le Dragon
28%
122 2019 Ralph 2.0
28%
82 2005 Chicken Little
27%
58 2000 Dinosaure
27%
65 2002 Lilo & Stitch
27%
40 1996 Dingo et Max
26%
125 2020 En Avant
26%
87 2006 Frère des Ours 2
26%
91 2007 Bienvenue chez les Robinson
24%
115 2015 Le Voyage d'Arlo
24%
111 2014 Planes 2
24%
6 1947 Saludos Amigos
24%
46 1998 Winnie l'Ourson 2 - Le Grand Voyage
24%
132 2022 Avalonia - L'étrange voyage
23%
13 2003 Le Crapaud et le Maître d'École
23%
70 2003 Les aventures de Porcinet
23%
92 2008 Le Secret de la Petite Sirène
23%
88 2007 Le Sortilège de Cendrillon
23%
107 2013 Monstres Academy
23%
55 2000 Dingo et Max 2 - Les Sportifs de l'Extrême
22%
57 2000 Les aventures de Tigrou
22%
11 1951 Mélodie Cocktail
22%
10 1950 Coquin de Printemps
21%
9 1949 Mélodie du Sud
21%
28 1979 Les aventures de Winnie l'Ourson
19%
64 2002 Monstres & Cie
18%
105 2012 Clochette et le Secret des Fées
17%
12 1998 Danny, le petit mouton noir
17%
8 1949 La boîte à musique
17%
75 2004 Mickey Donald Dingo - Les Trois Mousquetaires
17%
99 2010 Clochette et l'expédition Féerique
16%
96 2009 Clochette et la Pierre de Lune
15%
74 2004 Les aventures de Petit Gourou
15%
79 2005 Winnie l'Ourson et l'Éfélant
15%
24 1972 L'apprentie sorcière
14%
113 2015 Clochette et la Créature Légendaire
13%
85 2006 The Wild
12%
81 2005 Lilo & Stitch 2 - Hawaï, nous avons un problème !
10%
34 1991 La Bande à Picsou - Le Film
6%
Aucun quiz correspondant
Distribution des résultats
% des personnes avec chaque résultat
Percentile par nombre de réponses
Votre historique - résultats
Vous n’avez pas pris ce quiz depuis la dernière actualisation